000 00627nam a2200217Ia 4500
003 OSt
005 20250721151227.0
008 210423s2015 xx 000 0 und d
020 _a9780745334417
040 _cAL
041 _aEnglish
082 _a070.449
_bLUGB
100 _aJairo Lugo-ocando
_996163
245 _aBlaming the victim: how global journalism fails those in poverty
260 _aLondon
_bPluto Press
_c2015
300 _aviii,215
_bPB
365 _b2628.82
_cINR
650 _aJournalism
_996164
906 _aBlaming ; fails ; global ; how ; journalism ; poverty ; those ; victim:
942 _2ddc
_cBK
999 _c170680
_d170680